Malý zvedoš

Bibliographic Details
Main Authors: Sassier, Martine (Adapter), Sassier, Daniel (Adapter), Perdrizet, Marie-Pierre (Adapter)
Corporate Author: Larousse (Author)
Other Authors: Veselá, Veronika (Translator)
Format: Book
Language:Slovak
PhysicalDescription:192 s. fareb. ilustr. 26 cm
Published: Bratislava Tigra c1997
ISBN:8088869064
Series:Obrázková encyklopédia Larousse
Subjects:

MARC

LEADER 00000nam a2200000 a 4500
001 vtls001333317
003 SK-MaSNL
005 20260301114424.0
008 251113s1997 xo a r 0 slo
015 |a SNBA1998/09-03329 
020 |a 8088869064 
035 |a SNK000286237 
035 |a urn:nbn:sk:snk-amyhrm 
035 |a urn:nbn:sk:snk-am00ck3f 
035 |a E58BD856-85F4-4BB7-917B-3C8EED414615 
040 |a SNK  |b slo  |c SNK  |e AACR2 
041 0 |a slo 
044 |a xo  |c SK 
080 |a 03(087.5)  |2 1981 
110 0 |a Larousse  |4 aut  |9 286990 
240 1 0 |a Mémo Benjamin  |l Slovensky 
245 1 |a Malý zvedoš  |c [Larousse] ; vedúci redaktori Marine a Daniel Sassierovci, Marie-Pierre Perdrizet ; [preklad Veronika Veselá] 
260 |a Bratislava  |b Tigra  |c c1997 
300 |a 192 s.  |b fareb. ilustr.  |c 26 cm 
490 1 |a Obrázková encyklopédia Larousse 
500 |a Ilustr. na tit. strane 
500 |a Údaj o prekl. prevzatý z rubu tit. strany 
504 |a Reg. 
650 0 7 |a encyklopédie pre deti  |2 SNK  |9 286484 
655 7 |a encyklopédie  |2 SNK  |9 28776 
700 1 |a Sassier, Martine  |4 adp  |9 41481 
700 1 |a Sassier, Daniel  |4 adp  |9 46680 
700 1 |a Perdrizet, Marie-Pierre  |4 adp  |9 41453 
700 1 |a Veselá, Veronika  |4 trl  |9 47589 
830 0 |a Obrázková encyklopédia Larousse  |9 457874 
919 |a 80-88869-06-4 
958 |a TL 
958 |a NS 
958 |a OP 
958 |a FR 
968 |b FR 
999 |c 718320  |d 720250 
952 |t P60, <04>, [BOOK], {604}  |a SNK  |b SNK  |y VYP  |7 0  |p 17A0141478  |o snkSB 59020 D1  |i snkKSP 5913/98  |0 0  |1 0  |4 0  |d 1998-06-08  |l 0  |r 2005-01-02 00:00:00  |w 2026-02-23 
952 |t P60, <09>, [BOOK], {629}  |a SNK  |b SNK  |y NEVYP  |7 0  |o snkB 305  |i snk982/980610  |0 0  |1 0  |4 0  |d 1998-06-08  |l 0  |r 2005-01-02 00:00:00  |w 2026-02-23 
952 |t P60, <03>, [BOOK], {603}  |a SNK  |b SNK  |y PREZ  |7 0  |p 17A0141479  |o snkSB 59020  |i snkKSP 5912/98  |0 0  |1 0  |4 0  |d 1998-06-08  |f 1  |l 0  |r 2017-06-30 00:00:00  |w 2026-02-23